000 00413nam a2200181Ia 4500
001 514
005 20260306140523.0
008 260306t2010||||xx |||||||||||||| ||spa||
041 _aESP
082 _a121.68
_bG12 V. 2
100 _aGadamer, Hans-Georg
_eAUT
245 0 _aVerdad y método
260 _c2010
300 _a429 páginas :
_c22 cm.
650 _aGEN
654 _aCHU
942 _cLIB
_dJUS
_fJUS
_2ddc
_n
999 _c514
_d514